Statistieken voor Zuid-Holland Trivia Quiz

Klik hier om de quiz te nemen!

Algemene statistieken

  • Deze quiz is 866 keer genomen
  • De gemiddelde score is 14 van 23

Antwoordstatistieken

HintAntwoord% Correct
Aangrenzende provinciesNoord-Holland
99%
HoofdstadDen Haag
98%
Stad met de drukste haven van EuropaRotterdam
98%
Aangrenzende provinciesUtrecht
98%
Aangrenzende provinciesZeeland
97%
Aangrenzende provinciesNoord-Brabant
94%
Stad met de oudste universiteit van NederlandLeiden
86%
Stad bekend om zijn kaasGouda
85%
Aangrenzende provinciesGelderland
78%
Stad waar Willem van Oranje vermoord isDelft
73%
In 1953 kwamen in Zuid-Holland 677 mensen om bij deze rampWatersnoodramp
68%
Hoogste publiek toegankelijke toren van NederlandEuromast
65%
Toeristisch gebied bekend om zijn molensKinderdijk
56%
Oorlog waarin bovenstaande stad een jaar lang belegerd werd{Tachtigjarig}e oorlog
56%
Beroemd bollenparkKeukenhof
51%
Dunbevolkt veenweidegebied in het oosten van de provincieHet Groene Hart
40%
Ruimtevaartorganisatie met een grote divisie in NoordwijkESA
36%
Plaats waar in 2015 twee kranen met een brugdek omvielen op huizenAlphen aan den Rijn
33%
Plaats in bovenstaande stad waar de koninklijke familie wordt begravenNieuwe Kerk
31%
De toren van de ___ ___ in bovenstaande stad is tijdens de bouw scheefgezakt, en staat inmiddels bijna net zo scheef als de toren van PisaOude Kerk
25%
Noem één van de oud-gemeentes die na een reorganisatie in 2019 in de provincie Utrecht opgingenLeerdam | Zederik
13%
In 1807 verwoestte een ______ de gehele binnenstad van bovenstaande stadBuskruitramp
7%
Samen met Jan Cornets de Groot voerde ____ _____ in bovenstaande stad een valproef uit, waarmee de theorie van Archimedes dat zware objecten sneller vallen dan lichte werd ontkrachtSimon Stevin
6%

Scoreverdeling

Percentiel versus Aantal Correcte Antwoorden

Procent van Mensen met Elke Score

Uw Scoregeschiedenis

U heeft deze quiz nog niet genomen